A teraz čo? II.

Bibliographic Details
Main Authors: Buc, Ján, 1972- (Author), Thurzo, Vladimír, 1965- (Author), Vasiľ, Cyril, 1965- (Author), Haľko, Jozef, 1964- (Author), Husár, Marián, 1973- (Author), Kováčik, Jozef, 1972- (Author), Kršák, Rastislav, 1967- (Author), Krampl, Tomáš (Author)
Format: Book
Language:Slovak
PhysicalDescription:190 strán ilustrácie, portréty 21 cm
Published: Bratislava TV LUX, s.r.o. 2022
ISBN:9788097399696
Edition:Prvé vydanie
Subjects:

MARC

LEADER 00000cam a2200000 4500
001 vtls012157463
003 SK-MaSNL
005 20260302025528.0
008 221219s2022 xo ac g 000 0dslo
015 |a SNBA2023/07 
020 |a 9788097399696  |q (brožované) 
040 |a SNK  |b slo  |c SNK  |e rda 
041 0 |a slo 
044 |a xo  |c SK 
072 7 |a 27  |x Kresťanstvo. Kresťanská cirkev všeobecne. Ekleziológia  |2 konspekt 
080 |a 2-29  |2 2011 
080 |a 27  |2 2011 
080 |a 27-584  |2 2011 
080 |a (0:82-4)  |2 2011 
080 |a (047.53)  |2 2011 
080 |a 27-4  |2 2011 
100 1 |a Buc, Ján,  |d 1972-  |4 aut  |9 199052 
245 1 0 |a A teraz čo?  |n II.  |c Ján Buc, Jozef Haľko, Marián Husár, Jozef Kováčik, Tomáš Krampl, Rastislav Kršák, Vladimír Thurzo, Cyril Vasiľ 
250 |a Prvé vydanie 
264 1 |a Bratislava  |b TV LUX, s.r.o.  |c 2022 
300 |a 190 strán  |b ilustrácie, portréty  |c 21 cm 
336 |a text  |b txt  |2 rdacontent 
337 |a bez média  |b n  |2 rdamedia 
338 |a zväzok  |b nc  |2 rdacarrier 
630 0 7 |a A teraz čo? (televízna relácia)  |2 SNKPH  |9 614449 
650 0 7 |a náboženská literatúra  |2 SNKPH  |9 1487 
650 0 7 |a Religious literature  |2 SNKPHeng  |9 265585 
650 0 7 |a kresťanstvo  |2 SNKPH  |9 2024 
650 0 7 |a Christianity  |2 SNKPHeng  |9 267816 
650 0 7 |a duchovný život  |2 SNKPH  |9 1807 
650 0 7 |a Spiritual life  |2 SNKPHeng  |9 265583 
650 0 7 |a kresťanský život  |2 SNKPH  |9 1808 
650 0 7 |a Christian life  |2 SNKPHeng  |9 265582 
655 7 |a úvahy  |2 SNKPH  |9 29403 
655 7 |a Essays  |2 SNKPHeng  |9 267540 
655 7 |a rozhovory  |2 SNKPH  |9 31831 
655 7 |a Interviews  |2 SNKPHeng  |9 266520 
700 1 |a Thurzo, Vladimír,  |d 1965-  |4 aut  |9 88467 
700 1 |a Vasiľ, Cyril,  |d 1965-  |4 aut  |9 226431 
700 1 |a Haľko, Jozef,  |d 1964-  |4 aut  |9 99123 
700 1 |a Husár, Marián,  |d 1973-  |4 aut  |9 135554 
700 1 |a Kováčik, Jozef,  |d 1972-  |4 aut  |9 108088 
700 1 |a Kršák, Rastislav,  |d 1967-  |4 aut  |9 261722 
700 1 |a Krampl, Tomáš  |4 aut  |9 84857 
787 0 8 |i Zo série:  |t A teraz čo?  |g 2 
852 |a Slovenská národná knižnica 
919 |a 978-80-973996-9-6 
954 |a duchovná literatúra pôvodná (slovenská)  |2 lita 
958 |a NT 
999 |c 1044527  |d 1046457 
952 |a SNK  |b SNK  |y PREZ  |7 0  |p 17A1518116  |o snkSC 200611  |i snk2023/1552  |8 0  |0 0  |1 0  |4 0  |d 2023-01-25  |l 0  |r 2025-10-23 00:00:00  |w 2026-02-24 
952 |a SNK  |b SNK  |y VYP  |7 0  |p 17A1518117  |o snkSC 200611 D1  |i snk2023/1554  |8 0  |0 0  |1 0  |4 0  |d 2023-01-25  |l 0  |r 2026-02-24 14:35:40  |w 2026-02-24